000 01246naa a22003257a 4500
001 BR7806037
003 BR-BrBNA
005 20250714162947.0
007 ta
008 250630b bl.|||m| |||| 00| 0 por d
040 _aBR-BrBNA
_bpor
_cBiblioteca Nacional de Agricultura
041 _a(Pt)
072 _aE70; E15
_b/G514
090 _aE70 BR7806037
100 1 _aLopes, I.G.V.
245 1 _aFinanciamento de pre-comercializacao a cooperativas de pequenos produtores rurais [Brasil]
500 _aA politica de precos minimos estudos tecnicos 1949/1979 Lopes, M. de R. (ed.) Brasilia, DF (Brasil): 1978. p. 159-170 (BR7806037-AMS)
773 0 _tA politica de precos minimos estudos tecnicos 1949/1979
_aLopes, M. de R. (ed.). Comissao de Financiamento da Producao, Brasilia, DF (Brasil)
_wE70 BR7806037
_gBrasilia, DF (Brasil), 1978. p. 159-170
650 _aPOLITICA AGRICOLA
650 _aFINANCIAMENTO
650 _aCOOPERATIVA
650 _aBAIXA RENDA
650 _aRENDA
650 _aPRODUTIVIDADE
650 _aCREDITO
650 _aTRABALHADOR RURAL
490 _aColecao Analise e Pesquisa - Comissao de Financiamento da Producao (Brazil)
_vv. 11
942 _cAMS
_2AGRIS
909 _a202506
_bLúcia
_c55
_dLúcia Elande
999 _c333141
_d333141